| 000 | 00491nam a2200181Ia 4500 | ||
|---|---|---|---|
| 003 | GCL | ||
| 008 | 140319s9999 xx 000 0 eng d | ||
| 040 |
_aGCL / _cGCL |
||
| 082 | 0 | 4 |
_a934 _bR T |
| 100 | 1 | _aROY, SOURINDRANATH | |
| 245 | 1 | 0 |
_aTHE STORY OF INDIAN ARCHAEOLOGY 1784 - 1947 / _cROY, SOURINDRANATH |
| 260 |
_a[S.N] : _bARCHAEOLOGICAL SURVEY OF INDIAN ، _c1961 |
||
| 300 | _a131P | ||
| 650 | 0 | 4 | _aARCHAEOLOGY |
| 650 | 0 | 4 | _aINDIA |
| 650 | 0 | 4 | _aHISTORY, ANCIENT |
| 942 |
_2ddc _cBK |
||
| 999 |
_c11030 _d11030 |
||